[Event "Oberliga Sued W 1617"]
[Site "Germany"]
[Date "2017.03.19"]
[Round "8.6"]
[White "Panfilenko, Wladimir"]
[Black "Repplinger, Marc"]
[Result "1/2-1/2"]
[WhiteElo "1905"]
[BlackElo "2196"]
[PlyCount "41"]
[EventDate "2016.09.25"]
[EventType "team-tourn"]
[EventRounds "9"]
[EventCountry "GER"]
[SourceTitle "EXT 2018"]
[Source "ChessBase"]
[SourceDate "2017.10.13"]
[SourceVersion "1"]
[SourceVersionDate "2017.10.13"]
[SourceQuality "1"]
[WhiteTeam "Saarbruecken Gambit"]
[BlackTeam "Koblenz"]
[WhiteTeamCountry "GER"]
[BlackTeamCountry "GER"]

1. d4 e6 2. c4 f5 3. Nc3 Nf6 4. Bg5 Bb4 5. e3 h6 6. Bxf6 Qxf6 7. Nf3 0-0 8. Be2 b6 9. Ne5 Bb7 10. Bf3 Be4 11. 0-0 Bxc3 12. bxc3 d6 13. Nd3 c5 14. Nf4 Nd7 15. Bxe4 fxe4 16. Qg4 Qf5 17. Qxf5 exf5 18. Nd5 Rae8 19. a4 Nf6 20. Nxf6+ Rxf6 21. a5 1/2-1/2

[Event "Oberliga Sued W 1516"]
[Site "Germany"]
[Date "2015.09.20"]
[Round "1.7"]
[White "Panfilenko, Wladimir"]
[Black "Carow, Annelen"]
[Result "0-1"]
[WhiteElo "1887"]
[BlackElo "2114"]
[PlyCount "142"]
[EventDate "2015.09.20"]
[EventType "team-tourn"]
[EventRounds "9"]
[EventCountry "GER"]
[SourceTitle "CBM 170 Extra"]
[Source "ChessBase"]
[SourceDate "2016.02.25"]
[SourceVersion "1"]
[SourceVersionDate "2016.02.25"]
[SourceQuality "1"]
[WhiteTeam "Saarbruecken Gambit"]
[BlackTeam "Heidesheim"]
[WhiteTeamCountry "GER"]
[BlackTeamCountry "GER"]

1. d4 Nf6 2. Nf3 c5 3. c3 e6 4. e3 Nc6 5. Nbd2 d5 6. Bd3 Bd6 7. 0-0 0-0 8. Qe2 Re8 9. dxc5 Bxc5 10. e4 e5 11. Nb3 dxe4 12. Bxe4 Nxe4 13. Qxe4 Bf8 14. Bg5 Qc7 15. Rad1 f6 16. Be3 b6 17. Rfe1 Be6 18. Nh4 a5 19. f4 Bf7 20. fxe5 Nxe5 21. Qa4 Bc4 22. Nd2 b5 23. Qc2 Bd3 24. Qc1 Ng4 25. Ndf3 Bc4 26. Bd4 Bd6 27. h3 Bh2+ 28. Kh1 Bf4 29. Qc2 Ne3 30. Bxe3 Bxe3 31. Nf5 Bc5 32. N5d4 Qb7 33. Qf5 Qb6 34. b3 Bf7 35. Rxe8+ Rxe8 36. Re1 Rxe1+ 37. Nxe1 g6 38. Qd7 b4 39. Ne2 bxc3 40. Nxc3 Qb4 41. Qd2 Kg7 42. Nf3 h5 43. Na4 Bd6 44. Qxb4 Bxb4 45. Kg1 Bd5 46. Nd4 Kf7 47. Kf2 Be4 48. Ne2 g5 49. g3 Bf5 50. h4 Bd7 51. Nec3 Bc6 52. Ke2 Bd6 53. Kf2 Ke6 54. Ne2 Be4 55. Ke3 Bb7 56. Nd4+ Kf7 57. Nf5 Be5 58. Nc5 Bc8 59. Ke4 g4 60. Ne3 Bxg3 61. Ng2 Bd6 62. Kd5 Ke7 63. Ne3 g3 64. Ne4 Be6+ 65. Kd4 Bh3 66. Nd2 f5 67. Nf3 f4 68. Nd5+ Kd7 69. Ke4 Bg4 70. Ng1 Bc5 71. Nf3 g2 0-1

[Event "Saarland-ch MB 87th"]
[Site "Voelklingen"]
[Date "2012.04.03"]
[Round "5"]
[White "Panfilenko, Wladimir"]
[Black "Braun, Burkhard"]
[Result "1-0"]
[WhiteElo "1889"]
[BlackElo "1853"]
[PlyCount "87"]
[EventDate "2012.03.30"]
[EventType "swiss"]
[EventRounds "6"]
[EventCountry "GER"]
[SourceTitle "EXT 2013"]
[Source "ChessBase"]
[SourceDate "2012.11.22"]
[SourceVersion "1"]
[SourceVersionDate "2012.11.22"]
[SourceQuality "1"]

1. d4 d5 2. c4 c6 3. Nf3 Nf6 4. cxd5 cxd5 5. Nc3 g6 6. Bf4 a6 7. e3 Bg7 8. Bd3 0-0 9. h3 Nc6 10. Rc1 Na5 11. Na4 Nc4 12. b3 Nd6 13. 0-0 Nfe8 14. Qe1 b6 15. Qb4 Rb8 16. Ne5 Bxe5 17. dxe5 Nf5 18. Bxf5 Bxf5 19. e6 Nd6 20. Bxd6 exd6 21. exf7+ Rxf7 22. Rc6 b5 23. Nc3 Qg5 24. Qxd6 Rd8 25. Qf4 Qxf4 26. exf4 d4 27. Rd1 b4 28. Ne2 d3 29. Rd2 Bc8 30. Nc1 Rfd7 31. Rxd3 Rxd3 32. Nxd3 Bb7 33. Rb6 Rxd3 34. Rxb7 Rd1+ 35. Kh2 Rd2 36. Rxb4 Rxa2 37. Kg3 Rb2 38. Kf3 a5 39. Rb5 Kg7 40. g4 Rc2 41. h4 Kh6 42. Rb7 Rc3+ 43. Kg2 Rc2 44. Kg3 1-0

[Event "Saarland-ch MB 85th"]
[Site "Homburg"]
[Date "2010.03.28"]
[Round "3"]
[White "Panfilenko, Wladimir"]
[Black "Frischmann, Rick"]
[Result "0-1"]
[WhiteElo "1887"]
[BlackElo "1870"]
[PlyCount "62"]
[EventDate "2010.03.27"]
[EventType "swiss"]
[EventRounds "9"]
[EventCountry "GER"]
[SourceTitle "EXT 2011"]
[Source "ChessBase"]
[SourceDate "2010.11.26"]
[SourceVersion "1"]
[SourceVersionDate "2010.11.26"]
[SourceQuality "1"]

1. d4 d5 2. c4 c6 3. e3 Nf6 4. Nc3 a6 5. Bd3 b5 6. cxd5 cxd5 7. e4 dxe4 8. Nxe4 Bb7 9. Nxf6+ gxf6 10. f3 e6 11. Ne2 Nc6 12. Be3 Bb4+ 13. Kf2 Bd6 14. Nc3 f5 15. f4 Nb4 16. Be2 Rc8 17. Bf3 Bxf3 18. Kxf3 Qb6 19. a3 Qb7+ 20. d5 Rxc3 21. bxc3 Nxd5 22. Kf2 Bxf4 23. Bd4 Rg8 24. g3 Bc7 25. Re1 f4 26. Be5 Ne3 27. Qf3 Ng4+ 28. Kg2 Qxf3+ 29. Kxf3 Nxe5+ 30. Kg2 fxg3 31. hxg3 Nc4 0-1

[Event "Saarland-ch MB 85th"]
[Site "Homburg"]
[Date "2010.03.27"]
[Round "2"]
[White "Meiser, Michael"]
[Black "Panfilenko, Wladimir"]
[Result "1-0"]
[WhiteElo "1893"]
[BlackElo "1887"]
[PlyCount "69"]
[EventDate "2010.03.27"]
[EventType "swiss"]
[EventRounds "9"]
[EventCountry "GER"]
[SourceTitle "EXT 2011"]
[Source "ChessBase"]
[SourceDate "2010.11.26"]
[SourceVersion "1"]
[SourceVersionDate "2010.11.26"]
[SourceQuality "1"]

1. e4 c6 2. Nf3 d5 3. exd5 cxd5 4. Ne5 Nc6 5. d4 Nf6 6. Bb5 Bd7 7. Nxd7 Qxd7 8. c3 a6 9. Bd3 e6 10. 0-0 Na5 11. Nd2 Rc8 12. f4 Bd6 13. Nf3 b5 14. Ne5 Qb7 15. Qe2 Ra8 16. f5 0-0 17. fxe6 fxe6 18. Ng4 Rae8 19. Nxf6+ Rxf6 20. Rxf6 gxf6 21. Bh6 Qf7 22. Rf1 Nc4 23. Rf3 f5 24. Rh3 Kh8 25. a4 bxa4 26. Bxc4 dxc4 27. Qxc4 Qb7 28. Qxa4 Rg8 29. Qc2 Rg4 30. Bc1 Re4 31. Re3 Rh4 32. h3 e5 33. Qxf5 Rf4 34. Qd3 Qc6 35. Qe2 1-0

[Event "Saarland-ch MB 85th"]
[Site "Homburg"]
[Date "2010.03.27"]
[Round "1"]
[White "Panfilenko, Wladimir"]
[Black "Robert, Josef"]
[Result "1/2-1/2"]
[WhiteElo "1887"]
[BlackElo "2009"]
[PlyCount "44"]
[EventDate "2010.03.27"]
[EventType "swiss"]
[EventRounds "9"]
[EventCountry "GER"]
[SourceTitle "EXT 2011"]
[Source "ChessBase"]
[SourceDate "2010.11.26"]
[SourceVersion "1"]
[SourceVersionDate "2010.11.26"]
[SourceQuality "1"]

1. d4 d5 2. c4 c6 3. e3 Nf6 4. Nc3 Bf5 5. Qb3 Qb6 6. Qxb6 axb6 7. cxd5 Nxd5 8. Nxd5 cxd5 9. Nf3 Nc6 10. Bb5 Bd7 11. Bd2 e6 12. 0-0 Bd6 13. Rfc1 Na5 14. Bxa5 bxa5 15. Bxd7+ Kxd7 16. Rc3 Rhc8 17. Rac1 f6 18. Rxc8 Rxc8 19. Rxc8 Kxc8 20. a4 Kc7 21. Kf1 b5 22. b3 bxa4 1/2-1/2

[Event "Oberliga Sued W 0910"]
[Site "Germany"]
[Date "2010.02.28"]
[Round "7.7"]
[White "Silber, Gerhard"]
[Black "Panfilenko, Wladimir"]
[Result "1/2-1/2"]
[WhiteElo "2232"]
[BlackElo "1887"]
[PlyCount "44"]
[EventDate "2009.10.18"]
[EventType "team-tourn"]
[EventRounds "9"]
[EventCountry "GER"]
[SourceTitle "EXT 2011"]
[Source "ChessBase"]
[SourceDate "2010.11.26"]
[SourceVersion "1"]
[SourceVersionDate "2010.11.26"]
[SourceQuality "1"]
[WhiteTeam "Landau"]
[BlackTeam "Saarbruecken"]
[WhiteTeamCountry "GER"]
[BlackTeamCountry "GER"]

1. d4 d5 2. c4 e6 3. Nc3 Be7 4. Nf3 Nf6 5. Bg5 0-0 6. e3 Nbd7 7. Qc2 a6 8. cxd5 exd5 9. Bd3 c6 10. 0-0 Re8 11. Rab1 Nf8 12. b4 Bd6 13. e4 dxe4 14. Nxe4 Be7 15. Rfe1 Nxe4 16. Bxe7 Rxe7 17. Bxe4 Be6 18. a3 Qd6 19. Qc5 Rd8 20. Bc2 Red7 21. Qh5 Qf4 22. Qe5 Qxe5 1/2-1/2

[Event "Oberliga Sued W 0809"]
[Site "Germany"]
[Date "2008.12.14"]
[Round "4.8"]
[White "Ripperger, Reinhold"]
[Black "Panfilenko, Wladimir"]
[Result "1/2-1/2"]
[WhiteElo "2118"]
[BlackElo "1880"]
[PlyCount "103"]
[EventDate "2008.10.05"]
[EventType "team-tourn"]
[EventRounds "11"]
[EventCountry "GER"]
[SourceTitle "EXT 2012"]
[Source "ChessBase"]
[SourceDate "2011.11.24"]
[SourceVersion "1"]
[SourceVersionDate "2011.11.24"]
[SourceQuality "1"]
[WhiteTeam "Schwarzenbach"]
[BlackTeam "Saarbruecken Gambit"]
[WhiteTeamCountry "GER"]
[BlackTeamCountry "GER"]

1. e4 c6 2. d4 d5 3. exd5 cxd5 4. c4 e6 5. Nf3 Bd6 6. Nc3 Nf6 7. Bg5 Qa5 8. Bd3 Ne4 9. Bd2 Nxd2 10. Qxd2 dxc4 11. Bxc4 Nc6 12. 0-0 0-0 13. Rfe1 Rd8 14. Qe3 a6 15. Rad1 b5 16. Bd3 b4 17. Qe4 bxc3 18. Qxc6 Ra7 19. Qe4 g6 20. bxc3 Qxc3 21. Ng5 Rad7 22. Qh4 h5 23. Ne4 Qxd4 24. Nf6+ Kg7 25. Nxh5+ Kf8 26. Qxd4 Bxh2+ 27. Kxh2 Rxd4 28. Be2 gxh5 29. Rxd4 Rxd4 30. Rc1 Bb7 31. Rc2 Kg7 32. Kh3 Be4 33. Rb2 Ra4 34. Bxh5 Bd5 35. Be2 Bxa2 36. Rb7 Bc4 37. Bxc4 Rxc4 38. Ra7 Ra4 39. Kg3 Kg6 40. Kf3 f6 41. Ke3 Kf5 42. f3 Ra3+ 43. Kf2 e5 44. Ra8 a5 45. Ra6 Kg5 46. Ra8 Kf4 47. g3+ Kf5 48. Ke2 Kg5 49. Rg8+ Kf5 50. Ra8 Ra1 51. Ke3 Ra3+ 52. Ke2 1/2-1/2

[Event "Saarland-ch D"]
[Site "Saarlouis Steinrausch"]
[Date "2005.03.22"]
[Round "5"]
[White "Plate, Michael"]
[Black "Panfilenko, Wladimir"]
[Result "0-1"]
[WhiteElo "786"]
[BlackElo "1086"]
[PlyCount "106"]
[EventDate "2005.03.18"]
[EventType "swiss"]
[EventRounds "9"]
[EventCountry "GER"]
[SourceTitle "EXT 2012"]
[Source "ChessBase"]
[SourceDate "2011.11.24"]
[SourceVersion "1"]
[SourceVersionDate "2011.11.24"]
[SourceQuality "1"]

1. e4 d5 2. exd5 Qxd5 3. Nc3 Qa5 4. d4 c6 5. Nf3 Nf6 6. Bc4 Bf5 7. Bd2 Nbd7 8. Nb5 Qb6 9. Nc3 e6 10. 0-0 Qxb2 11. Rb1 Qxc2 12. Qxc2 Bxc2 13. Rxb7 Nb6 14. Bb3 Bd3 15. Re1 Ba6 16. Rc7 Bb5 17. Nxb5 cxb5 18. Bg5 Nbd5 19. Bxf6 Nxc7 20. Be5 Bb4 21. Rc1 Nd5 22. Bxd5 exd5 23. Rd1 Rc8 24. h3 f6 25. Bg3 a5 26. Ne1 Bxe1 27. Rxe1+ Kd7 28. Rb1 b4 29. Kh2 Rc2 30. Ra1 Rhc8 31. Bf4 Rxf2 32. Bc1 Rf1 33. Bb2 Rxa1 34. Bxa1 Rc2 35. a4 b3 36. Kg3 b2 37. Bxb2 Rxb2 38. Kh2 Rb4 39. Kg3 Rxd4 40. Kh2 Rxa4 41. Kg3 d4 42. Kh2 d3 43. Kg3 d2 44. Kh2 d1Q 45. Kg3 Ra3+ 46. Kf4 g5+ 47. Kf5 Qf1+ 48. Ke4 Ra4+ 49. Ke3 Qf4+ 50. Kd3 Ra3+ 51. Kc2 Qf2+ 52. Kb1 Re3 53. Kc1 Re1# 0-1

[Event "Saarland-ch D"]
[Site "Saarlouis Steinrausch"]
[Date "2005.03.21"]
[Round "4"]
[White "Panfilenko, Wladimir"]
[Black "Weber, Florian"]
[Result "1/2-1/2"]
[WhiteElo "1086"]
[BlackElo "969"]
[PlyCount "27"]
[EventDate "2005.03.18"]
[EventType "swiss"]
[EventRounds "9"]
[EventCountry "GER"]
[SourceTitle "EXT 2012"]
[Source "ChessBase"]
[SourceDate "2011.11.24"]
[SourceVersion "1"]
[SourceVersionDate "2011.11.24"]
[SourceQuality "1"]

1. d4 d5 2. c4 e6 3. Nc3 Nf6 4. Bf4 Bd6 5. Bxd6 Qxd6 6. e3 b6 7. Qa4+ Bd7 8. Nb5 0-0 9. Nxd6 Bxa4 10. Nb5 Bxb5 11. cxb5 c5 12. bxc6 Nxc6 13. Rc1 Ne7 14. Ba6 1/2-1/2